| 000 | 00447nam a2200181Ia 4500 | ||
|---|---|---|---|
| 008 | 230524s9999 xx 000 0 und d | ||
| 020 | _a9780070585560 | ||
| 082 |
_a658.453 _bBAJ |
||
| 100 | _aKamlesh K.Bajaj | ||
| 245 | 0 | _aE-Commerce : The Cutting Edge of Business | |
| 250 | _a2ND | ||
| 260 |
_aNEW DELHI _bTMH _c2008 |
||
| 300 | _aXIX;593 | ||
| 500 | _aQuantity Number: 5 | ||
| 650 | _aComp-Sc | ||
| 700 | _a Debjani Nag | ||
| 942 | _cBK | ||
| 999 |
_c41674 _d41674 |
||